000 00274nam a22001097a 4500
008 170118b xxu||||| |||| 00| 0 eng d
020 _a9780801654930
041 _aeng
080 _22ND
_a618.2
245 _aCLINICAL NURSING SKILLS AND TECHNIQUES
_cPERRY, A.G
942 _2udc
_cBK
999 _c3140
_d3140